Understanding strategic management a self -study module : (Record no. 101730)

MARC details
000 -LEADER
fixed length control field 00730nam a22002177a 4500
005 - DATE AND TIME OF LATEST TRANSACTION
control field 20160802122935.0
010 ## - LCCN (DPL NO)
LC control number ENG-115616
020 ## - INTERNATIONAL STANDARD BOOK NUMBER
International Standard Book Number 9789351437475
Terms of availability 250.00
035 ## - SYSTEM CONTROL NUMBER
System control number EN-99148
037 ## - SOURCE OF ACQUISITION
Source of stock number/acquisition DBAD/PUB
082 ## - DEWEY DECIMAL CLASSIFICATION NUMBER
Classification number 658.4012
100 ## - MAIN ENTRY--PERSONAL NAME
Personal name Trivedi,Om S.
245 ## - TITLE STATEMENT
Title Understanding strategic management a self -study module :
Statement of responsibility, etc by Om S Trivedi ;edited by Eesha Narang
Remainder of title [for CA intermediate (IPC) Course] /
250 ## - EDITION STATEMENT
Edition statement 5th ed.
260 ## - PUBLICATION, DISTRIBUTION, ETC. (IMPRINT)
Place of publication, distribution, etc Gurgaon
Name of publisher, distributor, etc Lexis Nexis
Date of publication, distribution, etc 2016
270 ## - ADDRESS
Address 14th Floor, Building No.10, Tower-B, DLF Cyber City, Phase-II
City Gurgaon
Postal code 122002
300 ## - PHYSICAL DESCRIPTION
Extent xxx,1181p.
Dimensions 28cm(pbk)
500 ## - GENERAL NOTE
General note Includes index
700 ## - ADDED ENTRY--PERSONAL NAME
Personal name Narang,Eesha
942 ## - ADDED ENTRY ELEMENTS (KOHA)
Source of classification or shelving scheme Dewey Decimal Classification
Item type English Books
Call number suffix TRI
Classification part 658.4012
Holdings
Withdrawn status Lost status Not for loan Collection code Home library Current library Date acquired Source of acquisition Cost, normal purchase price Full call number Barcode Copy number Cost, replacement price Koha item type
    Not For Loan Non-fiction D.B.Act.Division Bawana 02/08/2016 DBAD/PUB 250.00 658.4012 TRI EN-99148 1 250.00 English Books

© Delhi Public Library
Hit Counter
free hit counter